[Event "Sombor Open - Memorijal Dragana Milicevi"]
[Site "Sombor, Citaonicka 9"]
[Date "2025.11.05"]
[Round "9.3"]
[White "Dombrovski, Mihajlo"]
[Black "Skrobonja, Sinisa"]
[Result "1-0"]
[WhiteElo "2006"]
[BlackElo "1943"]
[PlyCount "109"]
[EventDate "2025.10.17"]

1. e3 e5 2. d4 exd4 3. exd4 Nf6 4. Bd3 Be7 5. Nc3 d5 6. Nge2 O-O 7. Bg5 h6 8.
Bf4 Bd6 9. Qd2 Re8 10. O-O-O Nc6 11. f3 Nb4 12. g4 Nxd3+ 13. Qxd3 Bxf4+ 14.
Nxf4 Qd6 15. Qd2 c6 16. h4 Nh7 17. Rdg1 g6 18. Nd3 Kg7 19. f4 b5 20. f5 b4 21.
Na4 a5 22. Nb6 Rb8 23. Nxc8 Rbxc8 24. g5 h5 25. Rf1 Re4 26. Ne5 c5 27. fxg6
fxg6 28. Rf7+ Kg8 29. Qf2 Qe6 30. Rf1 cxd4 31. Nd7 d3 32. Nf6+ Kxf7 33. Nxe4+
Kg8 34. Nc5 d2+ 35. Kxd2 Qe7 36. Nd3 Rf8 37. Qe2 Qd6 38. Rxf8+ Nxf8 39. Qe5 Qd7
40. Nf4 d4 41. Qd5+ Qxd5 42. Nxd5 Kf7 43. Kd3 Ne6 44. Kc4 Ng7 45. Kxd4 Nf5+ 46.
Ke4 Nxh4 47. Ne3 Ke6 48. c4 bxc3 49. bxc3 a4 50. c4 Kd6 51. Kf4 Kc5 52. Kg3 Kb4
53. Kxh4 Ka3 54. c5 Kxa2 55. c6 1-0

[Event "Sombor Open - Memorijal Dragana Milicevi"]
[Site "Sombor, Citaonicka 9"]
[Date "2025.11.05"]
[Round "9.4"]
[White "Ivosevic, Nikola"]
[Black "Babac, Zoran"]
[Result "1-0"]
[WhiteElo "1892"]
[BlackElo "1780"]
[PlyCount "69"]
[EventDate "2025.10.17"]

1. d4 d6 2. c4 e5 3. d5 Be7 4. e4 Bg5 5. Nd2 a5 6. Ngf3 Bh6 7. h3 g6 8. Bd3 Ne7
9. g4 Bd7 10. g5 Bg7 11. Nf1 Na6 12. Ne3 Nc5 13. Bc2 c6 14. a4 cxd5 15. cxd5
Qc8 16. Qe2 h5 17. Nc4 Qc7 18. Be3 O-O 19. Ra3 b5 20. axb5 Bxb5 21. Rc3 Nxd5
22. exd5 e4 23. Nd4 Bxd4 24. Bxd4 Nd3+ 25. Bxd3 exd3 26. Qxd3 Rfe8+ 27. Kd2
Rac8 28. Rhc1 Qe7 29. Qe3 Qb7 30. Qf3 Bxc4 31. Qf6 Qxb2+ 32. R3c2 Re2+ 33. Kd1
Re1+ 34. Kxe1 Re8+ 35. Kd1 1-0

[Event "Sombor Open - Memorijal Dragana Milicevi"]
[Site "Sombor, Citaonicka 9"]
[Date "2025.11.05"]
[Round "9.5"]
[White "Stojanovski, Branko"]
[Black "Glamuzina, Jurica"]
[Result "0-1"]
[WhiteElo "1926"]
[BlackElo "1962"]
[PlyCount "76"]
[EventDate "2025.10.17"]

1. b4 Nf6 2. Bb2 e6 3. a3 Be7 4. g3 d5 5. Bg2 Nbd7 6. Nf3 c5 7. bxc5 Nxc5 8.
O-O O-O 9. d3 Bd7 10. Nbd2 Bc6 11. Nb3 Na4 12. Bd4 b5 13. Qd2 a6 14. Ne5 Rc8
15. Rfc1 Ba8 16. Qe3 Bd6 17. Bh3 Qe7 18. Nxf7 Kxf7 19. Bxf6 gxf6 20. Nd4 Nc5
21. f4 Bc6 22. f5 e5 23. Ne6 Nxe6 24. fxe6+ Kg7 25. Qf3 d4 26. Qh5 Bd5 27. Bf5
Kh8 28. Qh3 Rce8 29. c4 dxc3 30. Rxc3 Bxe6 31. Rc6 Bxf5 32. Qxf5 Qe6 33. Qe4 f5
34. Qe3 Rg8 35. Qb6 Rg6 36. Rac1 f4 37. Qxa6 fxg3 38. Qxb5 Qh3 0-1

[Event "Sombor Open - Memorijal Dragana Milicevi"]
[Site "Sombor, Citaonicka 9"]
[Date "2025.11.05"]
[Round "9.6"]
[White "Stefanac, Marko"]
[Black "Dragas, Radomir"]
[Result "0-1"]
[WhiteElo "1847"]
[BlackElo "1909"]
[PlyCount "61"]
[EventDate "2025.10.17"]

1. e4 c5 2. Nc3 d6 3. f4 Nc6 4. Bb5 Bd7 5. Nf3 e6 6. O-O a6 7. Bxc6 Bxc6 8. d3
Nf6 9. Qe1 Qc7 10. f5 e5 11. Qg3 h6 12. a3 O-O-O 13. b4 cxb4 14. axb4 Qb6+ 15.
Qf2 Qxb4 16. Bd2 Ng4 17. Qe2 Qc5+ 18. Kh1 d5 19. exd5 Bxd5 20. Nxe5 Nxe5 21.
Na4 Qe7 22. Bf4 Nd7 23. Qf2 Qf6 24. c4 Bc6 25. d4 Bd6 26. Be3 Rhe8 27. d5 Bxa4
28. c5 Qe5 29. cxd6 Qxe3 30. Qxe3 Rxe3 31. Rxa4 0-1

[Event "Sombor Open - Memorijal Dragana Milicevi"]
[Site "Sombor, Citaonicka 9"]
[Date "2025.11.05"]
[Round "9.7"]
[White "Basaric, Ana"]
[Black "Knezevic, Janko"]
[Result "0-1"]
[WhiteElo "1584"]
[BlackElo "1834"]
[PlyCount "82"]
[EventDate "2025.10.17"]

1. c4 Nf6 2. Nc3 e6 3. d4 d5 4. Nf3 Be7 5. e3 Nbd7 6. Bd2 O-O 7. Be2 dxc4 8.
Bxc4 Nb6 9. Bb3 c5 10. dxc5 Bxc5 11. O-O Nbd5 12. Re1 b6 13. e4 Nb4 14. Bg5
Qxd1 15. Raxd1 Ng4 16. Re2 Ba6 17. Red2 Nxf2 18. Rxf2 Nd3 19. Bh4 h6 20. Bc2
Nxb2 21. Rb1 Nc4 22. Kh1 Ne3 23. Rd2 Nxc2 24. Rxc2 Bd3 25. Rcc1 Bxb1 26. Rxb1
g5 27. Bg3 Rfd8 28. Nb5 Rd3 29. e5 g4 30. Ne1 Rd2 31. a4 Ra2 32. Bf4 Kg7 33.
Nd3 Rxa4 34. Nd6 Rd4 35. Nxc5 Rxf4 36. Na6 Kg6 37. Nc7 Rb8 38. Ra1 a5 39. Rb1
a4 40. Na6 Ra8 41. Rxb6 Rf1# 0-1

[Event "Sombor Open - Memorijal Dragana Milicevi"]
[Site "Sombor, Citaonicka 9"]
[Date "2025.11.05"]
[Round "9.9"]
[White "Kelic, Dusan"]
[Black "Delija, Dragan"]
[Result "0-1"]
[WhiteElo "1695"]
[BlackElo "1862"]
[PlyCount "80"]
[EventDate "2025.10.17"]

1. e4 c6 2. d4 d5 3. exd5 cxd5 4. Bb5+ Nc6 5. Be3 Nf6 6. Nc3 Bf5 7. Nge2 e6 8.
a3 Be7 9. O-O O-O 10. Ng3 Bg6 11. h3 h6 12. Qd2 Rc8 13. b4 Nxb4 14. axb4 Bxb4
15. Rxa7 Bxc3 16. Qe2 Qb6 17. Ra2 Bxd4 18. Bd3 Ne4 19. Bxe4 dxe4 20. c4 Bxe3
21. fxe3 f5 22. Rb2 Qc7 23. Rfb1 Qxg3 24. Rxb7 Rb8 25. Qd2 Rxb7 26. Rxb7 Rb8
27. Rxb8+ Qxb8 28. Qd7 Qe8 29. Qd6 Qc8 30. c5 Be8 31. Kf2 Qc6 32. Qb8 Kh7 33.
Kg3 Qxc5 34. Qxe8 Qxe3+ 35. Kh2 Qf4+ 36. Kg1 e3 37. Qxe6 Qf2+ 38. Kh2 e2 39. h4
Qxh4+ 40. Kg1 e1=R+ 0-1

[Event "Sombor Open - Memorijal Dragana Milicevi"]
[Site "Sombor, Citaonicka 9"]
[Date "2025.11.05"]
[Round "9.10"]
[White "Siladjev, Nemanja"]
[Black "Mandaric, Petar"]
[Result "0-1"]
[WhiteElo "1499"]
[BlackElo "1877"]
[PlyCount "40"]
[EventDate "2025.10.17"]

1. c4 e6 2. d4 Nf6 3. Nc3 b6 4. Bg5 Be7 5. f3 d5 6. cxd5 exd5 7. e4 dxe4 8.
fxe4 Bb7 9. e5 Nd5 10. Bxe7 Nxe7 11. Nf3 O-O 12. Qd3 Nbc6 13. O-O-O Nb4 14. Qc4
a5 15. a3 Nbd5 16. Be2 Ne3 17. Qd3 Nxd1 18. Rxd1 Nd5 19. Nxd5 Bxd5 20. Qb5 c6
0-1

[Event "Sombor Open - Memorijal Dragana Milicevi"]
[Site "Sombor, Citaonicka 9"]
[Date "2025.11.05"]
[Round "9.12"]
[White "Bakula, Milan"]
[Black "Gajcin, Sinisa"]
[Result "0-1"]
[WhiteElo "1733"]
[BlackElo "1804"]
[PlyCount "90"]
[EventDate "2025.10.17"]

1. c4 g6 2. Nc3 Bg7 3. d4 c6 4. e4 d6 5. Be2 f5 6. Nf3 fxe4 7. Nxe4 Nd7 8. O-O
Ngf6 9. Nxf6+ Nxf6 10. d5 cxd5 11. cxd5 O-O 12. Ng5 Qa5 13. Ne6 Bxe6 14. dxe6
Rac8 15. Qb3 Rc7 16. Bf4 Ne4 17. Be3 Nd2 18. Bxd2 Qxd2 19. Bf3 Qxb2 20. Qxb2
Bxb2 21. Rab1 Bd4 22. Rxb7 Rxb7 23. Bxb7 Rb8 24. Bc6 Rb2 25. a4 Kg7 26. g4 Kf6
27. Bd7 Kg5 28. h3 Kh4 29. Kg2 a5 30. Be8 Bc5 31. Kf3 Rb3+ 32. Ke4 Rxh3 33. Kd5
Kxg4 34. Kc6 Kf5 35. Kd7 Kf6 36. f3 Rg3 37. Rh1 h5 38. Rf1 Rg1 39. Rxg1 Bxg1
40. Bxg6 h4 41. f4 Kxg6 42. Kxe7 Bc5 43. Kd7 d5 44. Kc6 Be7 45. Kxd5 Kf5 0-1